000 00612nam a2200241 a 4500
003 AR-BaBNM
005 20251128202708.0
008 082120s2002 ||||||||||||||000 | spa||
040 _cAR-BaBNM
100 1 _aCasona, Alejandro
245 0 0 _aNuestra Natacha ;
_bOtra vez el diablo
250 _a5ª ed.
260 _aBuenos Aires
_bLosada
_c1968
300 _a146 p.
490 0 _aBiblioteca clásica y contemporánea
_vv. 114
650 4 _aLITERATURA ESPAÑOLA
650 4 _aTEATRO
650 4 _aLITERATURA CONTEMPORANEA
650 4 _aCOMEDIA
655 _aLITERATURA
942 _cBK
998 _cCarmen
999 _c156
_d156